Vplyv transpozície smernice o účtovných závierkach na účtovné vykazovanie v Slovenskej republike a vo vybranej krajine – komparatívna analýza diplomová práca

Gespeichert in:
Bibliographische Detailangaben
1. Verfasser: Mesíčková, Lucia
Körperschaft: Fakulta hospodárskej informatiky EU. Katedra účtovníctva a audítorstva
Weitere Verfasser: Blahušiaková, Miriama, 1980-
Format: Buch
Sprache:Slowakisch
Veröffentlicht: Bratislava 2023
Tags: Tag hinzufügen
Keine Tags, Fügen Sie das erste Tag hinzu!

MARC

LEADER 00000nbm a2200000 4500
001 0294140
005 20240410093418.6
041 0 |a slo 
044 |a SK 
245 1 0 |a Vplyv transpozície smernice o účtovných závierkach na účtovné vykazovanie v Slovenskej republike a vo vybranej krajine – komparatívna analýza  |b diplomová práca  |c Lucia Mesíčková ; školiteľ: Miriama Blahušiaková 
264 1 |a Bratislava  |c 2023 
300 |a 57 s. 
100 1 |a Mesíčková, Lucia 
700 1 |a Blahušiaková, Miriama, 1980- 
710 2 |a Fakulta hospodárskej informatiky EU. Katedra účtovníctva a audítorstva